The statistics problem solver
Salvato in:
| Autore principale: | |
|---|---|
| Ente Autore: | |
| Natura: | Libro |
| Lingua: | inglese |
| Pubblicazione: |
Nueva York
Research and Education Association
1978
|
| Soggetti: | |
| Tags: |
Aggiungi Tag
Nessun Tag, puoi essere il primo ad aggiungerne!!
|
MARC
| LEADER | 00000nam a2200000 a 4500 | ||
|---|---|---|---|
| 001 | UCV6935 | ||
| 003 | CL-VaPUC | ||
| 008 | 930823e19780000US |||||||||||||||||eng|d | ||
| 082 | 0 | 4 | |a 519.507 |b FOG |2 21 |
| 100 | 0 | |a Fogiel, Max |e author |9 300929 | |
| 110 | 2 | |a Research and Education Association |e author |9 300930 | |
| 245 | 1 | 4 | |a The statistics problem solver |
| 300 | |a 1044 p | ||
| 942 | |c BK | ||
| 945 | |d 19930823 00:00:00 | ||
| 260 | |a Nueva York |b Research and Education Association |c 1978 | ||
| 650 | 0 | |a Estadística matemática |9 260028 | |
| 650 | 0 | |a Problemas, ejercicios, etc |9 259377 | |
| 583 | |a last modification |c 19930823 00:00:00 |k Rodrigo Vera | ||
| 999 | |c 212731 |d 212729 | ||
| 952 | |0 0 |1 0 |4 0 |6 519_507000000000000_FOG_1978 |7 0 |8 A |9 194262 |a BIBING |b BIBING |d 2019-11-14 |i 2624257 |o 519.507 FOG 1978 |p 2624257 |r 2025-01-20 |w 2019-11-14 |y BK |k EII | ||